000 00601nam a2200241 a 4500
001 nice12345678
003 IN_TiNIC
005 20260116013305.0
008 050524s1996 dela grp 000 0 eng
020 _a8172142
_c20
082 0 0 _a915.404053
_bPOH
100 _aPohl, Fred-Rederich
245 _aBy Bicycle from Germany to India
260 _aDelhi
_bISPCK
_c1996
300 _a77p
500 _aincludes index and biblioraphy
505 2 _a7
650 _aIndia-Travel and Description
700 1 _aPohl, Fred-Rederich
902 _bSRS
942 _cBK
999 _c10430
_d10430